Japanese imperialism, 1894-1945 /

Xehetasun bibliografikoak
Egile nagusia: Beasley, W. G. (William G.), 1919-2006
Formatua: Liburua
Hizkuntza:English
Argitaratua: Oxford [Oxfordshire] : New York : Clarendon Press ; Oxford University Press, 1987.
Gaiak:
Classic Catalogue: View this record in Classic Catalogue
LEADER 01717nam a2200361 a 4500
001 45772
003 BD-DhAAL
005 20260514154423.0
008 260514r20131987enkbf b 001 0 eng
010 |a  86028544  
020 |a 9780198221685 
020 |a 0198215754 :  |c $37.50 
020 |a 9780198215752 
035 |a 1462464 
040 |a DLC  |c DLC  |d DLC  |d BD-DhAAL 
043 |a a-ja--- 
050 0 0 |a DS885.48  |b .B43 1987 
082 0 0 |a 952.03  |2 19 
100 1 |a Beasley, W. G.  |q (William G.),  |d 1919-2006.  |9 60786 
245 1 0 |a Japanese imperialism, 1894-1945 /  |c W.G. Beasley. 
260 |a Oxford [Oxfordshire] :  |b Clarendon Press ;  |a New York :  |b Oxford University Press,  |c 1987. 
300 |a viii, 279 p., [3] p. of plates :  |b maps ;  |c 23 cm. 
500 |a Reprint. Originally published: 1987. 
504 |a Includes bibliographical references (pages 259-269) and index. 
526 8 |a AAL 
541 1 |a Donated by Embassy of Japan in Bangladesh, Read Japan Project 2025, The Tokyo Foundation, supported by The Nippon Foundation.  |e 45772 
650 0 |a Imperialism. 
651 0 |a Japan  |x Foreign relations  |y 20th century.  |9 60787 
651 0 |a Japan  |x History  |y 20th century.  |9 60788 
852 |a Ayesha Abed Library  |c General Stacks 
942 |2 ddc  |c BK 
999 |c 47966  |d 47966 
952 |0 0  |1 0  |2 ddc  |4 0  |6 952_030000000000000_BEA  |7 0  |9 79213  |a BRACUL  |b BRACUL  |d 2026-05-14  |e Donated by Embassy of Japan in Bangladesh, Read Japan Project 2025, The Tokyo Foundation, supported by The Nippon Foundation.  |l 0  |o 952.03 BEA  |p 3010045772  |r 2026-05-14  |t 1  |w 2026-05-14  |y BK  |x Donated copy received from Embassy of Japan in Bangladesh, Read Japan Project 2025, The Tokyo Foundation, supported by The Nippon Foundation on 08 April 2026; $19.24